Countries Former Flags - Statistics

General Stats
  • This quiz has been taken 56 times
  • The average score is 9 of 15
Answer Stats
Picture Answer % Correct
Bangladesh
91%
South Africa
83%
South Korea
83%
Hungary
80%
USA
80%
Greece
72%
Brazil
70%
Eritrea
69%
Belarus
59%
Laos
59%
Georgia
43%
Zimbabwe
41%
Italy
26%
Bolivia
20%
Chile
19%
No matching quizzes found
Score Distribution
Percent of People with Each Score
Percentile by Number Answered
Your Score History
You have not taken this quiz